00833nam a22002537a 4500999001500000001000600015003000900021005001700030008004100047020001800088040003800106082002000144100002300164245007900187250001200266260002900278300003700307504002800344650002700372650002500399700002500424942001200449952011800461 c8304d830421826BD-DhUAP20230530113618.0230530b20142019ii a|||| |||| 000 0beng d a9788192956794 aBD-DhUAPbengcBD-DhUAPdBD-DhUAP 222a720.505 BAL aBalakrishnan, Gita aArchumen :bquestioning architecture /cGita Balakrishnan and Ankon Mitra. a2nd ed. aKolkata :bETHOS,c2019. a176 p. :bill., photos ;c20 cm. aBIBLIOGRAPHY, ETC. NOTE aArchitecturexDetails. aArchitecturezIndia. aMitra, Ankoneauthor 2ddccBK 00102ddc4070aUAPCLbUAPCLcGeneral Stacksd2023-05-30o720.505 BALp3010021826r2023-05-30t1w2023-05-30yBK